Alternativas de atención educativa
Guardat en:
| Autor principal: | |
|---|---|
| Format: | Llibre |
| Idioma: | espanyol |
| Publicat: |
Caracas
CINDE
1990
|
| Matèries: | |
| Etiquetes: |
Afegir etiqueta
Sense etiquetes, Sigues el primer a etiquetar aquest registre!
|
MARC
| LEADER | 00000nam a2200000 a 4500 | ||
|---|---|---|---|
| 001 | UCY4190 | ||
| 003 | CL-VaPUC | ||
| 008 | 950302e19900000VE |||||||||||||||||spa|d | ||
| 082 | 0 | 4 | |a 371.04 |b ARA |2 21 |
| 100 | 0 | |a Arango, Marta |e author |9 332606 | |
| 245 | 1 | 0 | |a Alternativas de atención educativa |
| 300 | |a 92 p | ||
| 942 | |c BK | ||
| 945 | |d 19950302 00:00:00 |a rbrito | ||
| 260 | |a Caracas |b CINDE |c 1990 | ||
| 650 | 0 | |a Innovaciones pedagógicas |9 307471 | |
| 651 | 0 | |a Colombia |9 256424 | |
| 583 | |a last modification |c 19950302 00:00:00 |k Rodrigo Vera | ||
| 999 | |c 232126 |d 232124 | ||
| 952 | |0 0 |1 0 |4 0 |6 371_040000000000000_ARA_1990 |7 0 |8 P |9 236180 |a BIBEDU |b BIBEDU |c BIBEDU_PB |d 2019-11-15 |i 303562K |o 371.04 ARA 1990 |p 303562K |r 2024-01-25 |w 2019-11-15 |y BK |k EDU | ||